[Event "Prague Summer op-A 3rd"]
[Site "Prague"]
[Date "2016.08.08"]
[Round "5"]
[White "Roy, Prantik"]
[Black "Suran, Jan"]
[Result "1/2-1/2"]
[WhiteElo "2403"]
[BlackElo "2410"]
[PlyCount "64"]
[EventDate "2016.08.05"]
[EventType "swiss"]
[EventRounds "9"]
[EventCountry "CZE"]
[SourceTitle "CBM 173 Extra"]
[Source "ChessBase"]
[SourceDate "2016.08.29"]
[SourceVersion "1"]
[SourceVersionDate "2016.08.29"]
[SourceQuality "1"]

1. e4 c5 2. c3 g6 3. Nf3 Bg7 4. d4 cxd4 5. cxd4 d5 6. exd5 Nf6 7. Bc4 0-0 8. Nc3 Nbd7 9. 0-0 Nb6 10. Qb3 Bf5 11. Bg5 Rc8 12. Bxf6 Bxf6 13. Be2 Qd6 14. Ne5 Bxe5 15. dxe5 Qxe5 16. Rfe1 Qd6 17. Rad1 a5 18. Bd3 Bxd3 19. Rxd3 Qb4 20. Qxb4 axb4 21. Nd1 Rfd8 22. Ne3 Nc4 23. Nxc4 Rxc4 24. g3 Kf8 25. b3 Rc2 26. Re4 Rxa2 27. Rxb4 Rd7 28. Rb6 Ra5 29. d6 exd6 30. Rdxd6 Rxd6 31. Rxd6 Rb5 32. Rd3 Ke7 1/2-1/2